Sayner Hütte : Architektur, Eisenguss, Arbeit und Leben

Saved in:
Bibliographic Details
Main Authors: Custodis, Paul-Georg (Author)
Friedhofen, Barbara (Author)
Schabow, Dietrich (Author)
Document Type: Book
Language:German
Published: Koblenz : Görres , 2002
Subjects:
Online Access:Inhaltsverzeichnis
Rezension
Rezension
Related Items:Rezensiert in: [Rezension von: Paul-Georg Custodis / Barbara Friedhofen / Dietrich Schabow, Sayner Hütte]
Author Notes:Beitr. von Paul-Georg Custodis ; Barbara Friedhofen ; Dietrich Schabow. [Hrsg.: Förderkreis Abtei Sayn]
LEADER 06480cam a2201249 c 4500
001 364740191
003 DE-627
005 20250612015208.0
007 tu
008 030617s2002 gw ||||| 00| ||ger c
010 |a  2006482977 
015 |a 03,N10,2533  |2 dnb 
015 |a 03,A16,1411  |2 dnb 
016 7 |a 966258231  |2 DE-101 
020 |a 9783935690126  |q  : Pp. : EUR 19.80  |9 978-3-935690-12-6 
020 |a 3935690126  |q Pp. : EUR 19.80  |9 3-935690-12-6 
035 |a (DE-627)364740191 
035 |a (DE-576)103666095 
035 |a (DE-599)DNB966258231 
035 |a (OCoLC)237789991 
035 |a (OCoLC)52478138 
035 |a (OCoLC)237789991 
040 |a DE-627  |b ger  |c DE-627  |e rakwb 
041 |a ger 
044 |c XA-DE 
050 0 |a NA6430 
084 |a 46  |2 sdnb 
084 |a 65  |2 sdnb 
084 |a 45  |2 sdnb 
084 |a 45  |a 65  |2 sdnb 
084 |a 19,1  |2 ssgn 
084 |a 19,1  |a 19,2  |2 ssgn 
084 |a LK 79900  |q BVB  |2 rvk  |0 (DE-625)rvk/98300:154 
084 |a LK 92437  |q BVB  |2 rvk  |0 (DE-625)rvk/98840:9 
084 |a NW 6015  |2 rvk  |0 (DE-625)rvk/132218: 
084 |a ZK 8000  |2 rvk  |0 (DE-625)rvk/159829: 
084 |a 21.71  |2 bkl 
084 |a 56.83  |2 bkl 
084 |a 21.91  |2 bkl 
084 |a 52.77  |2 bkl 
100 1 |a Custodis, Paul-Georg  |d 1940-  |0 (DE-588)108456862  |0 (DE-627)557855861  |0 (DE-576)16383315X  |4 aut 
245 1 0 |a Sayner Hütte  |b Architektur, Eisenguss, Arbeit und Leben  |c Beitr. von Paul-Georg Custodis ; Barbara Friedhofen ; Dietrich Schabow. [Hrsg.: Förderkreis Abtei Sayn] 
263 |a Gb: EUR 19.80 
264 1 |a Koblenz  |b Görres  |c 2002 
300 |a 235 S  |b überw. Ill., Kt  |c 31 cm, 1210 gr. 
336 |a Text  |b txt  |2 rdacontent 
337 |a ohne Hilfsmittel zu benutzen  |b n  |2 rdamedia 
338 |a Band  |b nc  |2 rdacarrier 
505 8 |a Literaturangaben 
583 1 |a Archivierung prüfen  |c 20200919  |f DE-640  |z 1  |2 pdager 
583 1 |a Archivierung prüfen  |c 20240324  |f DE-4165  |z 1  |2 pdager 
583 1 |a Archivierung/Langzeitarchivierung gewährleistet  |c 20240722  |f NI-LastCopies  |x XA-DE-NI  |z Potenzieller Alleinbesitz Niedersachsen  |2 pdager  |5 DE-89 
610 1 0 |a Sayner Hütte 
650 0 |a Foundries  |z Germany  |z Bendorf (Rhineland-Palatine) 
650 0 |a Cast-iron fronts (Architecture)  |z Germany  |z Bendorf (Rhineland-Palatine) 
651 0 |a Bendorf (Rhineland-Palatinate, Germany)  |x Buildings, structures, etc 
655 7 |a Quelle  |0 (DE-588)4135952-5  |0 (DE-627)105661236  |0 (DE-576)209665084  |2 gnd-content 
689 0 0 |d b  |0 (DE-588)5112459-2  |0 (DE-627)713059893  |0 (DE-576)19492338X  |a Sayner Hütte  |2 gnd 
689 0 1 |d s  |0 (DE-588)4026808-1  |0 (DE-627)104610077  |0 (DE-576)208968091  |a Industriebau  |2 gnd 
689 0 2 |d s  |0 (DE-588)4151478-6  |0 (DE-627)105545481  |0 (DE-576)20978850X  |a Eisenarchitektur  |2 gnd 
689 0 3 |d s  |0 (DE-588)4059261-3  |0 (DE-627)106144065  |0 (DE-576)20913013X  |a Technisches Denkmal  |2 gnd 
689 0 |5 DE-101 
689 1 0 |d b  |0 (DE-588)5112459-2  |0 (DE-627)713059893  |0 (DE-576)19492338X  |a Sayner Hütte  |2 gnd 
689 1 1 |d s  |0 (DE-588)4126233-5  |0 (DE-627)10573389X  |0 (DE-576)209583371  |a Eisenguss  |2 gnd 
689 1 2 |d s  |0 (DE-588)4630959-7  |0 (DE-627)327376554  |0 (DE-576)21445164X  |a Kunstguss  |2 gnd 
689 1 3 |a z  |2 gnd  |a Geschichte 1800-1900 
689 1 |5 DE-101 
689 2 0 |d b  |0 (DE-588)5112459-2  |0 (DE-627)713059893  |0 (DE-576)19492338X  |a Sayner Hütte  |2 gnd 
689 2 1 |d s  |0 (DE-588)4126233-5  |0 (DE-627)10573389X  |0 (DE-576)209583371  |a Eisenguss  |2 gnd 
689 2 2 |d s  |0 (DE-588)4630959-7  |0 (DE-627)327376554  |0 (DE-576)21445164X  |a Kunstguss  |2 gnd 
689 2 3 |d s  |0 (DE-588)4187788-3  |0 (DE-627)105269557  |0 (DE-576)210048212  |a Verkaufskatalog  |2 gnd 
689 2 4 |a z  |2 gnd  |a Geschichte 1823-1870 
689 2 |5 DE-101 
700 1 |a Friedhofen, Barbara  |4 aut 
700 1 |8 1\p  |a Schabow, Dietrich  |d 1940-  |0 (DE-588)1326150677  |0 (DE-627)1885743017  |4 aut 
710 2 |a Förderkreis Abtei Sayn  |0 (DE-588)2124486-8  |0 (DE-627)121071855  |0 (DE-576)194222233  |4 oth 
787 0 8 |i Rezensiert in  |a Benthien, Julia  |t [Rezension von: Paul-Georg Custodis / Barbara Friedhofen / Dietrich Schabow, Sayner Hütte]  |d 2003  |w (DE-627)1920095829 
856 4 2 |u https://swbplus.bsz-bw.de/bsz103666095inh.htm  |m B:DE-576;DE-14  |q application/pdf  |v 20130219145341  |x Verlag  |3 Inhaltsverzeichnis  |7 1 
856 4 2 |u https://swbplus.bsz-bw.de/bsz103666095rez.htm  |m V:DE-576  |v 2005-08-19  |3 Rezension  |7 1 
856 4 2 |u http://www.sehepunkte.de/2003/12/3364.html  |m V:DE-576;X:Sehepunkte  |q text/html  |v 20180424113634  |3 Rezension  |7 1 
883 |8 1\p  |a cgwrk  |d 20241001  |q DE-101  |u https://d-nb.info/provenance/plan#cgwrk 
935 |a BGTS 
935 |i Blocktest 
936 r v |a LK 79900  |b allgemein  |k Kunstgeschichte  |k Kunst nach Ländern bzw. Kontinenten  |k Deutschland  |k Deutsche Kunstgeschichte nach Gattungen  |k Architektur  |k Ordnung nach Aufgaben  |k Industriebauten, Fabriken, Verkehrsbauten  |k allgemein  |0 (DE-627)1271167964  |0 (DE-625)rvk/98300:154  |0 (DE-576)201167964 
936 r v |a LK 92437  |b 19. und 20. Jahrhundert  |k Kunstgeschichte  |k Kunst nach Ländern bzw. Kontinenten  |k Deutschland  |k Deutsche Kunstgeschichte nach Gattungen  |k Kunstgewerbe  |k Ordnung nach Gattungen  |k Metalle, Edelmetalle (Gold, Silber)  |k 19. und 20. Jahrhundert  |0 (DE-627)1270638009  |0 (DE-625)rvk/98840:9  |0 (DE-576)200638009 
936 r v |a NW 6015  |b Eisen- und Stahlwerke, Walzwerke, Emaillier- und Stanzwerke, Gießereien  |k Geschichte  |k Wirtschafts- und Sozialgeschichte  |k Spezielle Wirtschaftsgeschichte  |k Firmengeschichte  |k Bergbau- und Hüttenunternehmen  |k Eisen- und Stahlwerke, Walzwerke, Emaillier- und Stanzwerke, Gießereien  |0 (DE-627)1271540169  |0 (DE-625)rvk/132218:  |0 (DE-576)201540169 
936 r v |a ZK 8000  |b Eisenhüttenwesen allgemein  |k Technik  |k Bergbau und Hüttenwesen  |k Hüttenwesen  |k Eisenhüttenwesen  |k Eisenhüttenwesen allgemein  |0 (DE-627)1271118793  |0 (DE-625)rvk/159829:  |0 (DE-576)201118793 
936 b k |a 21.71  |j Geschichte öffentlicher Bauten  |0 (DE-627)106421263 
936 b k |a 56.83  |j Industriebau  |0 (DE-627)121826120 
936 b k |a 21.91  |j Metallkunst  |0 (DE-627)106415751 
936 b k |a 52.77  |j Urformen  |0 (DE-627)106420062 
951 |a BO 
990 |a Sayner Hütte 
990 |a Industriebau 
990 |a Eisenarchitektur 
990 |a Technisches Denkmal 
990 |a Sayner Hütte 
990 |a Eisenguss 
990 |a Kunstguss 
990 |a Geschichte 1800-1900 
990 |a Sayner Hütte 
990 |a Eisenguss 
990 |a Kunstguss 
990 |a Verkaufskatalog 
990 |a Geschichte 1823-1870 
991 |a Rezensiertes Werk 
999 |a KXP-PPN364740191  |e 4966477581